Elementa physicae experimentalis (Record no. 154283)

MARC details
000 -LEADER
campo de control de longitud fija 00804nam a22002055i 4500
001 - NÚMERO DE CONTROL
campo de control 154283
003 - IDENTIFICADOR DE NÚMERO DE CONTROL
campo de control ES-MaACL
005 - FECHA Y HORA DE LA ÚLTIMA TRANSACCIÓN
campo de control 20250724063419.0
008 - DATOS DE LONGITUD FIJA--INFORMACIÓN GENERAL
campo de control de longitud fija 950614s1781 it a |||| | lat d
040 ## - FUENTE DE CATALOGACIÓN
Centro catalogador/agencia de origen AN
Lengua de catalogación spa
Centro/agencia transcriptor CCPB | SIC
100 1# - ENTRADA PRINCIPAL--NOMBRE DE PERSONA
Nombre de persona Genovesi, Antonio,
Fechas asociadas al nombre 1713-1769
9 (RLIN) 56347
245 10 - MENCIÓN DEL TÍTULO
Título Elementa physicae experimentalis
Resto del título : usui Tironum aptatae /
Mención de responsabilidad, etc. auctore Antonio Genuensi ; tomus secundus accedunt nonnullae Dissetationes phisico-mathematicae conscriptae a Nicolao Fergola.
260 ## - PUBLICACIÓN, DISTRIBUCIÓN, ETC.
Lugar de publicación, distribución, etc. Venetiis :
Nombre del editor, distribuidor, etc. apud Thomam Bettinelli,
Fecha de publicación, distribución, etc. 1781.
300 ## - DESCRIPCIÓN FÍSICA
Extensión 192 p., [1] h. de grab. ;
Dimensiones 8º.
597 ## - NOTA DE DESCRIPCIÓN FÍSICA
NOTA DE DESCRIPCIÓN FÍSICA Sign. : A-M8.
597 ## - NOTA DE DESCRIPCIÓN FÍSICA
NOTA DE DESCRIPCIÓN FÍSICA Port. con viñeta xil.
599 ## - NOTA A LAS ILUSTRACIONES
NOTA A LAS ILUSTRACIONES La h. de grab. calc.
852 ## - LOCALIZACIÓN
Ubicación ES-MaACL
Número de control de estantería R-404(2)
Nota libre -- Enc. perg.
Encuadernación -- Olim: G-283
Holdings
Estatus retirado Estado de pérdida Estado de daño No para préstamo Colección Biblioteca de origen Biblioteca actual Ubicación en estantería Fecha de adquisición Fuente de adquisición Total de préstamos Signatura topográfica completa Código de barras Visto por última vez Precio de reemplazo Tipo de ítem Koha
        Libros del s. XVIII Biblioteca del Ateneo de Madrid Biblioteca del Ateneo de Madrid Depósito 17/01/2008     R-404(2) 1161333 23/02/2023 23/02/2023 Libro impreso antiguo